00333nam a2200121Ia 4500008004100000041000800041082001700049100001500066245004400081260005100125300002400176365001100200240624s9999 xx 000 0 und d aeng a658.4092 GOF aGOFFEE ROB aWHY SHOULD ANYONE BE LED BY YOU WHAT IT c2006aNew DelhibHarvard Business Review Press a244 : p. : cm. ; 23 cRSb38